Named characters in the Paper Mario series - Statistics

General Stats
  • This quiz has been taken 35 times
    33 since last reset
  • The average score is 124 of 450
Answer Stats
Game of origin Answer % Correct
Paper Mario Mario
100%
Paper Mario Bowser
96%
Paper Mario Princess Peach
96%
Paper Mario Goombario
87%
Paper Mario Luigi
87%
Paper Mario Bombette
83%
Paper Mario Kooper
83%
Paper Mario: Sticker Star Kamek
78%
Paper Mario: The Thousand-Year Door Yoshi
78%
Paper Mario: Sticker Star Bowser Jr.
74%
Paper Mario: The Thousand-Year Door Goombella
74%
Paper Mario Goompa
74%
Paper Mario Kolorado
74%
Paper Mario: The Thousand-Year Door Koops
74%
Paper Mario Lady Bow
74%
Paper Mario Parakarry
74%
Super Paper Mario Blumiere/Count Bleck
70%
Paper Mario: The Thousand-Year Door Doopliss
70%
Paper Mario: The Thousand-Year Door Grubba/Macho Grubba
70%
Paper Mario: The Thousand-Year Door Laki
70%
Paper Mario: The Thousand-Year Door Lord Crump/Magnus von Grapple/Four Eyes
70%
Paper Mario: The Thousand-Year Door Rawk Hawk
70%
Super Paper Mario Red
70%
Paper Mario: The Thousand-Year Door Vivian
70%
Paper Mario: The Thousand-Year Door Beldam
65%
Paper Mario: The Thousand-Year Door Cortez
65%
Paper Mario Gooma
65%
Paper Mario Goombaria
65%
Paper Mario: The Thousand-Year Door Grodus
65%
Paper Mario Kammy Koopa
65%
Paper Mario: The Origami King King Olly
65%
Paper Mario Lakilester
65%
Paper Mario: The Thousand-Year Door Madame Flurrie
65%
Paper Mario: The Thousand-Year Door Marilyn
65%
Paper Mario Merle
65%
Paper Mario Merlon
65%
Super Paper Mario Mimi
65%
Paper Mario: The Origami King Olivia
65%
Paper Mario: The Thousand-Year Door Shadow Queen
65%
Paper Mario Sushie
65%
Paper Mario Tubba Blubba
65%
Paper Mario Tutankoopa
65%
Paper Mario: The Thousand-Year Door Admiral Bobbery
61%
Paper Mario: The Origami King Bob-omb/Bobby
61%
Paper Mario: The Thousand-Year Door Bonetail
61%
Paper Mario Eldstar
61%
Paper Mario: The Thousand-Year Door Flavio
61%
Paper Mario General Guy
61%
Paper Mario: The Thousand-Year Door Gloomtail
61%
Paper Mario Goompapa
61%
Paper Mario: The Thousand-Year Door Gus
61%
Paper Mario: The Thousand-Year Door Hooktail
61%
Paper Mario Huff N. Puff
61%
Paper Mario Jr. Troopa
61%
Paper Mario Koopa Bros.
61%
Super Paper Mario Mr. L/Brobot
61%
Paper Mario: The Thousand-Year Door Prince Mush
61%
Paper Mario: The Thousand-Year Door Professor Frankly
61%
Paper Mario: The Thousand-Year Door Punio
61%
Super Paper Mario Timpani/Tippi
61%
Paper Mario Watt
61%
Super Paper Mario Dimentio/Super Dimentio
57%
Paper Mario Goomama
57%
Paper Mario Goomba King
57%
Paper Mario: Color Splash Huey
57%
Paper Mario: The Thousand-Year Door Jolene
57%
Paper Mario: Sticker Star Kersti
57%
Paper Mario: The Thousand-Year Door King K/KP Pete
57%
Paper Mario: Color Splash Lemmy
57%
Paper Mario: Color Splash Ludwig
57%
Paper Mario: Color Splash Roy
57%
Paper Mario: Color Splash Wendy
57%
Paper Mario: Color Splash Bloo
52%
Paper Mario Blue Goomba
52%
Paper Mario Bootler
52%
Paper Mario Crystal King
52%
Paper Mario: Color Splash Iggy
52%
Paper Mario: Color Splash Larry
52%
Paper Mario Lava Piranha
52%
Paper Mario Merluvlee
52%
Paper Mario Miss T.
52%
Paper Mario Misstar
52%
Super Paper Mario Mort
52%
Paper Mario: Color Splash Morton
52%
Paper Mario: The Thousand-Year Door Ms. Mowz
52%
Super Paper Mario O'Chunks
52%
Paper Mario: The Thousand-Year Door Podley
52%
Paper Mario: The Thousand-Year Door Puniper
52%
Paper Mario Red Goomba
52%
Paper Mario: The Thousand-Year Door Smorg
52%
Paper Mario: The Thousand-Year Door Bandy Andy
48%
Super Paper Mario Big Blooper
48%
Paper Mario Blooper
48%
Super Paper Mario Bonechill
48%
Paper Mario: The Thousand-Year Door Bub
48%
Super Paper Mario Chet
48%
Paper Mario Chet Rippo
48%
Paper Mario: The Thousand-Year Door Don Pianta
48%
Super Paper Mario Dottie
48%
Paper Mario: The Thousand-Year Door Francesca
48%
Super Paper Mario Francis
48%
Paper Mario: The Thousand-Year Door General White
48%
Paper Mario: The Thousand-Year Door Goldbob
48%
Paper Mario: The Thousand-Year Door Koopie Koo
48%
Paper Mario Mamar
48%
Paper Mario Merlee
48%
Paper Mario Moustafa
48%
Paper Mario: The Thousand-Year Door Pennington
48%
Paper Mario: The Origami King Scissors
48%
Paper Mario Skolar
48%
Paper Mario Tayce T.
48%
Paper Mario The Master
48%
Super Paper Mario Thoreau
48%
Paper Mario Twink
48%
Paper Mario: The Thousand-Year Door Zess T.
48%
Paper Mario Anti Guy
43%
Paper Mario: The Origami King Colored Pencils/Jean-Pierre Colored Pencils the12th
43%
Super Paper Mario Cudge
43%
Super Paper Mario Flint Cragley
43%
Super Paper Mario Fracktail
43%
Paper Mario: The Thousand-Year Door Frankie
43%
Paper Mario Gourmet Guy
43%
Paper Mario Klevar
43%
Paper Mario Lee
43%
Paper Mario Lily
43%
Super Paper Mario Luvbi
43%
Paper Mario Muskular
43%
Paper Mario: The Thousand-Year Door Petuni
43%
Super Paper Mario Piccolo
43%
Paper Mario: The Thousand-Year Door TEC-XX
43%
Paper Mario Whacka
43%
Paper Mario Big Lantern Ghost
39%
Paper Mario Buzzar
39%
Super Paper Mario Carrie
39%
Paper Mario Chan
39%
Paper Mario Chuck Quizmo
39%
Super Paper Mario Fleep
39%
Paper Mario: The Thousand-Year Door Goomther
39%
Super Paper Mario Green
39%
Paper Mario Herringway
39%
Paper Mario: The Thousand-Year Door Jerry
39%
Super Paper Mario King Croacus IV
39%
Paper Mario Koopa Koot
39%
Paper Mario Lakilulu
39%
Paper Mario: Sticker Star Megasparkle Goomba
39%
Paper Mario Merlow
39%
Paper Mario: Color Splash Princess
39%
Paper Mario: The Origami King Professor Toad
39%
Paper Mario Raphael the Raven
39%
Paper Mario Rowf
39%
Paper Mario: The Origami King Rubber Band
39%
Paper Mario Russ T.
39%
Paper Mario: The Origami King Stapler
39%
Paper Mario: The Thousand-Year Door The Koopinator
39%
Paper Mario: The Thousand-Year Door Toadette
39%
Paper Mario Wise Wisterwood
39%
Super Paper Mario Wracktail
39%
Super Paper Mario Barry
35%
Super Paper Mario Cap
35%
Super Paper Mario Dashell
35%
Paper Mario: The Origami King Earth Vellumental
35%
Paper Mario: Sticker Star Gooper Blooper
35%
Super Paper Mario Grambi
35%
Paper Mario: The Thousand-Year Door Hamma Jamma
35%
Paper Mario: The Thousand-Year Door Hayzee
35%
Paper Mario: The Origami King Ice Vellumental
35%
Paper Mario: The Thousand-Year Door Johnson
35%
Paper Mario Kent C. Koopa
35%
Paper Mario: The Thousand-Year Door Koopley
35%
Paper Mario: The Thousand-Year Door Kroop
35%
Paper Mario: The Thousand-Year Door Mayor Dour
35%
Paper Mario Minh T.
35%
Paper Mario: The Thousand-Year Door Pa-Patch
35%
Super Paper Mario Pete
35%
Paper Mario: Sticker Star Petey Piranha
35%
Paper Mario Rosie
35%
Paper Mario: The Thousand-Year Door Scarlette
35%
Super Paper Mario Slim
35%
Paper Mario: The Thousand-Year Door Sylvia
35%
Paper Mario: The Origami King Tape
35%
Super Paper Mario Thudley
35%
Super Paper Mario Tiptron
35%
Paper Mario: The Thousand-Year Door Toadsworth
35%
Paper Mario: The Thousand-Year Door Torque
35%
Paper Mario: Sticker Star Tower Power Pokey
35%
Paper Mario: The Thousand-Year Door Atomic Boo
30%
Paper Mario: Sticker Star Birdo
30%
Paper Mario: The Thousand-Year Door Blooey
30%
Super Paper Mario Boomer
30%
Paper Mario: The Origami King Captain T. Ode
30%
Paper Mario: The Thousand-Year Door Darkly
30%
Paper Mario Electro Blooper
30%
Paper Mario: The Thousand-Year Door Eve
30%
Paper Mario: The Origami King Fire Vellumental
30%
Paper Mario Fuzzipede
30%
Paper Mario: The Thousand-Year Door Ghost T.
30%
Paper Mario: The Origami King Hole Punch
30%
Paper Mario Kalmar
30%
Paper Mario: Sticker Star Mizzter Blizzard
30%
Super Paper Mario Nastasia
30%
Paper Mario Posie
30%
Super Paper Mario Queen Jaydes
30%
Paper Mario Rip Cheato
30%
Paper Mario: The Thousand-Year Door Screamy
30%
Super Paper Mario Shadoo
30%
Super Paper Mario Squirps
30%
Paper Mario: The Thousand-Year Door Toodles
30%
Paper Mario: Sticker Star Wiggler/Flutter
30%
Paper Mario: The Thousand-Year Door Wonky
30%
Paper Mario Fice T.
26%
Paper Mario Muss T.
26%
Super Paper Mario Nolrem
26%
Paper Mario: Color Splash Petea Piranha
26%
Paper Mario Petunia
26%
Paper Mario: The Thousand-Year Door Sir Swoop
26%
Paper Mario Super Blooper
26%
Paper Mario Tubba's Heart
26%
Paper Mario Vanna T.
26%
Paper Mario: The Origami King Water Vellumental
26%
Paper Mario Yakkey
26%
Paper Mario: The Thousand-Year Door Arfur
22%
Paper Mario: The Thousand-Year Door Bomberto
22%
Paper Mario Bruce
22%
Paper Mario: The Thousand-Year Door Craw-Daddy
22%
Paper Mario Frost T.
22%
Paper Mario: The Origami King Handaconda
22%
Paper Mario: The Thousand-Year Door Ishnail
22%
Paper Mario: The Thousand-Year Door Jabble
22%
Paper Mario: The Thousand-Year Door Larson
22%
Paper Mario: The Thousand-Year Door Lumpy
22%
Paper Mario Madam Merlar
22%
Super Paper Mario Merlumina
22%
Paper Mario Monstar
22%
Super Paper Mario Old Man Watchitt
22%
Paper Mario: The Thousand-Year Door Podler
22%
Paper Mario: The Thousand-Year Door Princess Eclair
22%
Paper Mario: The Thousand-Year Door Pungry/Mover
22%
Paper Mario: Color Splash Purp
22%
Super Paper Mario Saffron
22%
Paper Mario Stanley
22%
Paper Mario: The Thousand-Year Door Vinny
22%
Paper Mario: The Thousand-Year Door Zip Toad
22%
Paper Mario: The Thousand-Year Door Charlieton
17%
Paper Mario: The Thousand-Year Door Chef Shimi
17%
Paper Mario: The Thousand-Year Door Chestnut King
17%
Paper Mario: The Thousand-Year Door Cleftor
17%
Super Paper Mario Dyllis
17%
Paper Mario: The Thousand-Year Door Fred
17%
Paper Mario: The Thousand-Year Door Goomfrey
17%
Paper Mario: The Thousand-Year Door Grifty
17%
Paper Mario: The Thousand-Year Door Heff T.
17%
Paper Mario Igor
17%
Paper Mario: The Thousand-Year Door Koopook
17%
Paper Mario Koover
17%
Paper Mario: The Thousand-Year Door Lucky
17%
Paper Mario: The Thousand-Year Door Master Crash
17%
Paper Mario: The Thousand-Year Door McGoomba
17%
Paper Mario Mort T.
17%
Paper Mario Oaklie
17%
Paper Mario: The Thousand-Year Door Pierre
17%
Paper Mario: The Thousand-Year Door Pine T. Jr.
17%
Paper Mario: The Thousand-Year Door Pine T. Sr.
17%
Paper Mario: The Thousand-Year Door Pungent
17%
Paper Mario Rhuff
17%
Paper Mario Sashimie
17%
Paper Mario: The Thousand-Year Door Bub-ulber
13%
Paper Mario Dane T.
13%
Paper Mario: The Thousand-Year Door Dazzle
13%
Super Paper Mario Dorguy the First
13%
Super Paper Mario Dorguy the Second
13%
Super Paper Mario Dorguy the Third
13%
Paper Mario: The Thousand-Year Door Dupree
13%
Paper Mario: The Thousand-Year Door Eddy the Mask
13%
Paper Mario Franky
13%
Paper Mario: The Thousand-Year Door Garf
13%
Paper Mario: The Thousand-Year Door Goom Goom
13%
Paper Mario: The Thousand-Year Door Goose
13%
Paper Mario Harry
13%
Paper Mario: The Thousand-Year Door Hizza
13%
Super Paper Mario Howzit
13%
Paper Mario: The Thousand-Year Door (Switch) Ian Foomus
13%
Paper Mario: The Thousand-Year Door Lahla
13%
Paper Mario: The Thousand-Year Door Minister Crepe
13%
Paper Mario Mini T.
13%
Paper Mario: The Thousand-Year Door Mousimilian
13%
Paper Mario Mr. E
13%
Paper Mario Mr. Hammer
13%
Paper Mario: The Thousand-Year Door Peeka
13%
Paper Mario: Color Splash Piper
13%
Paper Mario: The Thousand-Year Door Rocko
13%
Paper Mario Spiky Tom
13%
Paper Mario: Color Splash Steak
13%
Paper Mario: The Thousand-Year Door Swindell
13%
Paper Mario: The Thousand-Year Door Toce T.
13%
Paper Mario Tolielip
13%
Paper Mario: The Thousand-Year Door Tony
13%
Super Paper Mario Welderberg
13%
Super Paper Mario Babs
9%
Super Paper Mario Cyrrus
9%
Paper Mario: The Origami King Emcee Shy Guy
9%
Paper Mario Felissa T.
9%
Paper Mario Fishmael
9%
Super Paper Mario Flamm
9%
Paper Mario Flight
9%
Super Paper Mario Flimm
9%
Paper Mario: The Thousand-Year Door Flo
9%
Paper Mario: The Thousand-Year Door Gloomer
9%
Paper Mario: The Thousand-Year Door Goomez
9%
Paper Mario: Color Splash Greenie
9%
Paper Mario Herbert
9%
Super Paper Mario Jasperoid
9%
Paper Mario: The Origami King King Shroomses
9%
Paper Mario Little T.
9%
Super Paper Mario Monzo
9%
Paper Mario: The Origami King Ol' Grandsappy
9%
Super Paper Mario Patch
9%
Paper Mario: The Thousand-Year Door Plenn T.
9%
Super Paper Mario Rebbi
9%
Paper Mario: The Thousand-Year Door Rob
9%
Paper Mario: The Thousand-Year Door Shellshock
9%
Paper Mario: The Thousand-Year Door Spiky Joe
9%
Paper Mario Spiky John
9%
Super Paper Mario Squirpina XIV
9%
Super Paper Mario Bestovius
4%
Super Paper Mario Betsy
4%
Paper Mario: The Thousand-Year Door Billy
4%
Super Paper Mario Blappy
4%
Super Paper Mario Boodin
4%
Super Paper Mario Captain Gills
4%
Super Paper Mario Carson
4%
Super Paper Mario Charold
4%
Super Paper Mario Chert
4%
Paper Mario: The Thousand-Year Door Cranberry
4%
Paper Mario: The Thousand-Year Door Doe T.
4%
Super Paper Mario Garson
4%
Super Paper Mario Gary
4%
Paper Mario: The Thousand-Year Door Gob
4%
Super Paper Mario Harold
4%
Paper Mario: The Thousand-Year Door Herb T.
4%
Super Paper Mario Hoodin
4%
Super Paper Mario Hornfels
4%
Paper Mario: The Thousand-Year Door Jabbula
4%
Paper Mario King Mousta
4%
Paper Mario Kris T.
4%
Super Paper Mario Marbald
4%
Paper Mario: The Thousand-Year Door Maude
4%
Paper Mario: Color Splash Mr. Can
4%
Paper Mario: The Thousand-Year Door Mr. Hoggle
4%
Paper Mario Nash T.
4%
Paper Mario: The Thousand-Year Door Niff T.
4%
Paper Mario: The Thousand-Year Door Old Man Skoo
4%
Super Paper Mario Prince Croacus
4%
Paper Mario: Color Splash Redd
4%
Paper Mario: The Thousand-Year Door Stewart
4%
Paper Mario: The Thousand-Year Door Swob
4%
Super Paper Mario The InterChet
4%
Super Paper Mario The InterNed
4%
Paper Mario: Color Splash The Shy Bandit
4%
Paper Mario: The Thousand-Year Door Toadia
4%
Super Paper Mario Tuff
4%
Paper Mario: The Origami King Uncle Pete
4%
Super Paper Mario Walter
4%
Super Paper Mario Whibbi
4%
Super Paper Mario Yebbi
4%
Paper Mario: Color Splash Yella
4%
Super Paper Mario Bizzy
0%
Super Paper Mario Blarfie
0%
Super Paper Mario Bleu
0%
Super Paper Mario Blollop
0%
Super Paper Mario Blubi
0%
Paper Mario: The Thousand-Year Door Bobolink
0%
Super Paper Mario Bozzo
0%
Super Paper Mario Breadward
0%
Super Paper Mario Buffy
0%
Super Paper Mario Buzzo
0%
Super Paper Mario Cade
0%
Super Paper Mario Chap
0%
Super Paper Mario Chaz
0%
Super Paper Mario Cherie
0%
Super Paper Mario Chip
0%
Super Paper Mario Conn
0%
Super Paper Mario Cott
0%
Super Paper Mario Ditto
0%
Paper Mario: The Thousand-Year Door Don Goombatti
0%
Super Paper Mario Dupp
0%
Super Paper Mario Ellie
0%
Super Paper Mario Fallbi
0%
Super Paper Mario Fret
0%
Super Paper Mario Fribi
0%
Super Paper Mario Gabbro
0%
Super Paper Mario Garamond
0%
Super Paper Mario Gertrude
0%
Super Paper Mario Gladys
0%
Super Paper Mario Glim
0%
Super Paper Mario Hatch
0%
Super Paper Mario Helvetica
0%
Super Paper Mario Heronicus
0%
Super Paper Mario Hort
0%
Super Paper Mario Inga
0%
Super Paper Mario Janbi
0%
Super Paper Mario Juppi
0%
Super Paper Mario Karla
0%
Super Paper Mario Kerrie
0%
Super Paper Mario Kimberlite
0%
Super Paper Mario Koopla
0%
Super Paper Mario Ledger
0%
Super Paper Mario Lock
0%
Super Paper Mario Lucy
0%
Paper Mario: The Thousand-Year Door Maitre Delish
0%
Super Paper Mario Marbi
0%
Super Paper Mario Maybi
0%
Super Paper Mario Minnie
0%
Super Paper Mario Mitsy
0%
Super Paper Mario Monby
0%
Super Paper Mario Muffy
0%
Paper Mario: The Thousand-Year Door Nob
0%
Super Paper Mario Nora
0%
Super Paper Mario Norite
0%
Super Paper Mario Notso
0%
Super Paper Mario Novbi
0%
Super Paper Mario Otto
0%
Super Paper Mario Patta
0%
Super Paper Mario Pearl
0%
Super Paper Mario Pitta
0%
Super Paper Mario Pook
0%
Super Paper Mario Puck
0%
Super Paper Mario Rainbi
0%
Super Paper Mario Rainbowzilla
0%
Paper Mario: The Thousand-Year Door Ronnie
0%
Super Paper Mario Ruby
0%
Super Paper Mario Sacre
0%
Super Paper Mario Saturbi
0%
Super Paper Mario Sipsi
0%
Super Paper Mario Skarn
0%
Super Paper Mario Skeet
0%
Super Paper Mario Sprinbi
0%
Super Paper Mario Stock
0%
Super Paper Mario Sumbi
0%
Super Paper Mario Sunbi
0%
Paper Mario: The Thousand-Year Door Thriff T.
0%
Super Paper Mario Thurbi
0%
Super Paper Mario Tib
0%
Super Paper Mario Tinga
0%
Super Paper Mario Vic
0%
Paper Mario Victoria
0%
Super Paper Mario Websterite
0%
Super Paper Mario Wenbi
0%
Super Paper Mario Winbi
0%
Super Paper Mario Winnie
0%
Paper Mario: Color Splash Wringer
0%
No matching quizzes found
Score Distribution
Percent of People with Each Score
Percentile by Number Answered
Your Score History
You have not taken this quiz since the last reset